000 00619nam a22002297a 4500
999 _c385374
_d385374
001 99263
003 UA-OsUOA
005 20200804183006.0
007 ta
008 20130425b un ||||| |||| 00| 0 ukr d
040 _aUA-OsUOA
_brus
_cUA-OsUOA
_dUA-OsUOA
041 _arus
080 _a821.161.1
090 _a821.161.1
_bС50
100 _aСмирнов В.
245 _aОткрытие мира
_bроман
260 _aМ.
_bСоветский писатель
_c1978
300 _a333 с.
650 7 _a82 Література. Літературознавство
_2UDC
942 _cBK
_2udc
955 _a3